Top 20 Longest Runways (clickable) Quiz Stats

Quiz not verified by Sporcle

Challenge
Share
Tweet
Embed
Score 0/20 Timer 02:00
0 Plays Today
% Correct
Denver International
88.2%
Edwards AFB
81.2%
Doha International
80%
Hamad International
76.5%
Embraer Unidade Gavião Peixoto
75.3%
Hwange National Park
75.3%
Istres-Le Tubé AB
72.9%
Ulyanovsk Vostochny
71.8%
Harare International
71.8%
Southern California Logistics
69.4%
% Correct
Shuttle Landing Facility
67.1%
Bole International
65.9%
Erbil International
64.7%
Vandenberg AFB
61.2%
Qamdo Bamda
60%
Ramenskoye
57.6%
Shigatse Peace
57.6%
N'djili
56.5%
Madrid-Torrejón
55.3%
Upington
49.4%

You're not logged in!

Compare scores with friends on all Sporcle quizzes.
Sign Up with Email
OR
Log In

You Might Also Like...

Show Comments

Extras

Top Quizzes Today


Score Distribution

Your Account Isn't Verified!

In order to create a playlist on Sporcle, you need to verify the email address you used during registration. Go to your Sporcle Settings to finish the process.